Маршали срещу генерални секретари (Запис номер 21664)
[ съкратено ]
| 000 -Лидер | |
|---|---|
| Контролно поле с фиксирана дължина | 02112nam a2200397 c 4500 |
| 003 - Код на организацията, давaща контролен номер | |
| Контролно поле | BLK |
| 005 - Дата и час на последна редакция | |
| Контролно поле | 20240704105848.0 |
| 008 - Елементи от данни с фиксирана дължина | |
| fixed length control field | 180413b bul|||||r ||||||| ||bul|| |
| 010 ## - Наследен системен номер | |
| LC control number | KNG00023960000 |
| 040 ## - Източник на каталожния запис | |
| Идентификатор на билиотеката - собственик на записа | BLK |
| 041 ## - Код за език | |
| Код за езика на текст/звукозапис или на отделно заглавие | Български |
| Код за езика КДБФ | Български |
| 080 ## - УДК | |
| Текстов определител УДК | Политически партии и движения |
| УДК код - определител по УДК | 329 |
| УДК определител | (47+57)КПСС(092) |
| УДК - код + определител | 329(47+57)КПСС(092) |
| 080 ## - УДК | |
| Текстов определител УДК | Обща организация на въоръженните сили. Войска и флота - Подразделение в различните родове войски (армии, дивизии, полкове, ескадри и др. )Чинове и длъжности на военнослужещите и др. |
| УДК код - определител по УДК | 355.3 |
| УДК определител | (47+57)(092) |
| УДК - код + определител | 355.3(47+57)(092) |
| 080 ## - УДК | |
| Текстов определител УДК | Биографии |
| УДК код - определител по УДК | 929 |
| УДК определител | |
| УДК - код + определител | 929 |
| 100 1# - Редна дума - Автор | |
| Автор | Зенкович, Николай А. |
| Авторска отговорност | първи автор |
| R(LIN) | 260866 |
| 139 ## - Редно поле | |
| Редна дума | Зенкович, Николай А. |
| Авторски знак | Зен - З 58 |
| 245 10 - Сведения за заглавието | |
| Заглавие | Маршали срещу генерални секретари |
| Подзаглавни данни | Интригите, враждите, заговорите : Ч. 1 - |
| Редно поле (дума) | Николай А. Зенкович; прев. от рус. Гриша Атанасов. |
| Том | Ч. 1 |
| 257 ## - Страна на издаване | |
| Страна на създаване/издаване | Русия |
| 260 ## - Област на издателските данни | |
| -- | София |
| Име на издателя, разпространителя и проч. | Мириам |
| Година на издаване | 1998 |
| 300 ## - Физическа характеристика | |
| Размери/Мащаб | 20 см |
| 380 ## - Жанр | |
| Жанр | Обществени науки |
| 500 ## - Общи забележки | |
| Забележка | Деп. списък: 45 Ориг. загл. Маршалы и генсеки / Н. А. Зенькович ; Офс. изд Място на печат: Враца Име на печатница: Полипринт Геогр. руб.: СССР. |
| 650 #4 - Допълнително описание по предмет – тема | |
| Основно описание – тема или топоним | История - СССР |
| 9 (RLIN) | 249838 |
| 650 #4 - Допълнително описание по предмет – тема | |
| Основно описание – тема или топоним | КПСС - дейци |
| 9 (RLIN) | 250565 |
| 650 #4 - Допълнително описание по предмет – тема | |
| Основно описание – тема или топоним | Маршали, съветски |
| 9 (RLIN) | 161233 |
| 653 ## - Ключова дума – ненормативна | |
| Ключова дума | разузнаване |
| 653 ## - Ключова дума – ненормативна | |
| Ключова дума | политика |
| 700 ## - Други автори (авторска отговорност) | |
| Лично име | Атанасов, Гриша Александров |
| Дати, свързани с автора | 1957- |
| 9 (RLIN) | 382230 |
| 760 1# - Описание на основната серия | |
| Редна дума на основното описание | Зенкович, Николай А. |
| Място на издаване, издател и година | 1998 |
| Страници - том | 256 с. |
| Заглавие | Ч. 1 |
| 852 ## - Местоположение | |
| Форматна сигнатура | Цб 197323 |
| 856 4# - Електронен адрес и достъп | |
| Електронен формат | pdf - файл |
| Път до файла /url/ | |
| 856 4# - Електронен адрес и достъп | |
| Електронен формат | pdf - файл |
| Път до файла /url/ | |
| 942 ## - АРТИКУЛИ | |
| Вид на библиотечния материал | Книги |
| Скрит в OPAC | Не |
| Koha issues (borrowed), all copies | 2 |
| 944 ## - СЪЗДАВАНЕ И РЕДАКЦИЯ на ЗАПИСА | |
| Създаване/Редакция | Създаване |
| Дата на регистрацията/редакция | 15.01.2003 |
| Служител, извършил регистрацията/редакцията | 30560 |
| Статус, дата на статуса | Геновева Генчева |
| 944 ## - СЪЗДАВАНЕ И РЕДАКЦИЯ на ЗАПИСА | |
| Създаване/Редакция | Редакция |
| Дата на регистрацията/редакция | 08.07.2014 |
| Служител, извършил регистрацията/редакцията | |
| 999 ## - СИСТЕМНИ КОНТРОЛНИ НОМЕРА | |
| Koha biblionumber | 21664 |
| Koha biblioitemnumber | 21664 |
| Код за отписване | Код за изгубен артикул | Източник на класификационната схема | Код за повреда | Коз за рестрикции | Код за отдаване | Артикулен № | Име на библиотеката - собственик | Име на библиотеката, в която се намира в момента | Статус (Текущо местоположение) | Дата на вписване в системата | Местоположение - отдел | Цена в лева | Инвентарен номер | Систематично азбучна сигнатура | Баркод | Номер на екземпляра | Цена в евро | Служебен тип на артикула | Служебна бележка |
|---|---|---|---|---|---|---|---|---|---|---|---|---|---|---|---|---|---|---|---|
| Не е изгубен | Universal Decimal Classification | Не е повреден | без рестрикции | ползва се в читалня | 35767 | Регионална библиотека "Любен Каравелов" Русе | Регионална библиотека "Любен Каравелов" Русе | Хранилище | 2024-07-16 | Хранилище | 5.00 | 643829 | Цб 197323 | 120000643829 | 1 | 2.56 | Книги | ||
| Не е изгубен | Universal Decimal Classification | Не е повреден | без рестрикции | заемане за дома | 35768 | Регионална библиотека "Любен Каравелов" Русе | Регионална библиотека "Любен Каравелов" Русе | Заемна - подръчен фонд | 1998-01-01 | Заемна - подръчен фонд | 5.00 | 640552 | П 323(47+57)/З 58 | 120000640552 | 2 | 2.56 | Книги | N: стар фонд Дата: 01.01.1998 Дата инв: 02.02.2018 Бележки инв: П2018 |